[Event "Vaxjo op"]
[Site "Vaxjo"]
[Date "2023.02.10"]
[Round "1"]
[White "Poley, Vladimir"]
[Black "Ohlsson, Mikael"]
[Result "1-0"]
[WhiteElo "2325"]
[BlackElo "1779"]
[PlyCount "41"]
[EventDate "2023.02.10"]
[EventType "swiss"]
[EventRounds "8"]
[EventCountry "SWE"]
[SourceTitle "CBM 212 Extra"]
[Source "ChessBase"]
[SourceDate "2023.03.31"]
[SourceVersion "1"]
[SourceVersionDate "2023.03.31"]
[SourceQuality "1"]

1. Nf3 c5 2. g3 Nc6 3. Bg2 b6 4. 0-0 Bb7 5. c4 Nf6 6. b3 e6 7. Bb2 Be7 8. Re1 0-0 9. e4 d6 10. d4 cxd4 11. Nxd4 Qc7 12. Nc3 Nxd4 13. Qxd4 Rad8 14. Rad1 a6 15. g4 Qc5 16. Qxc5 dxc5 17. e5 Bxg2 18. exf6 Rxd1 19. Rxd1 Bf3 20. fxe7 Re8 21. Rd8 1-0

[Event "Gibraltar Challengers-B 14th"]
[Site "Caleta"]
[Date "2016.02.01"]
[Round "3"]
[White "Sedgwick, David"]
[Black "Ohlsson, Mikael"]
[Result "1/2-1/2"]
[WhiteElo "1973"]
[BlackElo "1810"]
[PlyCount "111"]
[EventDate "2016.01.30"]
[EventType "swiss"]
[EventRounds "5"]
[EventCountry "GGB"]
[SourceTitle "CBM 170 Extra"]
[Source "ChessBase"]
[SourceDate "2016.02.25"]
[SourceVersion "1"]
[SourceVersionDate "2016.02.25"]
[SourceQuality "1"]

1. e4 c5 2. c3 e6 3. d4 d5 4. e5 Nc6 5. Nf3 Bd7 6. Bd3 Nh6 7. Bxh6 gxh6 8. dxc5 Bxc5 9. b4 Bf8 10. 0-0 Bg7 11. Re1 Qc7 12. Qe2 0-0 13. Na3 a6 14. b5 Nb8 15. c4 axb5 16. Nxb5 Bxb5 17. cxb5 Ra3 18. Rac1 Rc3 19. Qd2 Rc8 20. Rxc3 Qxc3 21. Qxc3 Rxc3 22. Re3 Rc1+ 23. Bf1 Bf8 24. Re1 Rc2 25. Re2 Rxe2 26. Bxe2 Nd7 27. a4 Bb4 28. g3 Nc5 29. Bd1 Kf8 30. Bc2 Bc3 31. Kf1 Ke7 32. Ke2 b6 33. Bxh7 Nxa4 34. Kd3 Ba1 35. Nd4 Nc5+ 36. Ke3 Bxd4+ 37. Kxd4 f5 38. exf6+ Kxf6 39. f4 Nb7 40. Bd3 Nd6 41. g4 Nf7 42. h4 e5+ 43. Kxd5 exf4 44. Be2 Ne5 45. Ke4 Ng6 46. h5 Nf8 47. Kxf4 Ne6+ 48. Ke4 Kg5 49. Ke5 Nc7 50. Kd6 Nxb5+ 51. Bxb5 Kxg4 52. Be8 Kf5 53. Ke7 Kg5 54. Bg6 b5 55. Ke6 b4 56. Ke5 1/2-1/2